Normal view MARC view

Entry Personal Name

Number of records used in: 2

001 - CONTROL NUMBER

  • control field: 68015

003 - CONTROL NUMBER IDENTIFIER

  • control field: dpl

005 - DATE AND TIME OF LATEST TRANSACTION

  • control field: 20240703105637.0

008 - FIXED-LENGTH DATA ELEMENTS

  • fixed length control field: 240703|| aca||aabn | a|a d

040 ## - CATALOGING SOURCE

  • Original cataloging agency: dpl
  • Transcribing agency: dpl

100 ## - HEADING--PERSONAL NAME

  • Personal name: सिंह, उपिंदर

670 ## - SOURCE DATA FOUND

  • Source citation: Work cat.: (dpl)203877: सिंह, उपिंदर, प्राचीन एवं पूर्व मध्यकालीन भारत का इतिहास:, 2024

© Delhi Public Library
Hit Counter
free hit counter